Teori Kaunseling : (Record no. 187924)

MARC details
000 -LEADER
fixed length control field 01043nam a2200301 i 4500
005 - DATE AND TIME OF LATEST TRANSACTION
control field 20220614115701.0
008 - FIXED-LENGTH DATA ELEMENTS--GENERAL INFORMATION
fixed length control field 220614t20222022my ao||g |||| 00| 0 may d
020 ## - INTERNATIONAL STANDARD BOOK NUMBER
International Standard Book Number 9789674881917
Terms of availability RM52.00
Qualifying information paperback
040 ## - CATALOGING SOURCE
Original cataloging agency PPAK
Language of cataloging eng
Transcribing agency PPAK
Description conventions rda
082 04 - DEWEY DECIMAL CLASSIFICATION NUMBER
Edition number 23
Classification number 158.3
090 00 - LOCALLY ASSIGNED LC-TYPE CALL NUMBER (OCLC); LOCAL CALL NUMBER (RLIN)
Classification number (OCLC) (R) ; Classification number, CALL (RLIN) (NR) 158.3
Feature heading AIN
Feature heading G
100 0# - MAIN ENTRY--PERSONAL NAME
Personal name Aina Razlin Mohammad Roose,
Relator term author.
245 10 - TITLE STATEMENT
Title Teori Kaunseling :
Remainder of title Panduan Pemilihan dan Pembentukan Orientasi Teoritikal Kaunselor /
Statement of responsibility, etc. AINA RAZLIN MOHAMMAD ROOSE, RAFIDAH AGA MOHD JALADIN
264 #1 - PRODUCTION, PUBLICATION, DISTRIBUTION, MANUFACTURE, AND COPYRIGHT NOTICE
Place of production, publication, distribution, manufacture Kuala Lumpur :
Name of producer, publisher, distributor, manufacturer Penerbit Universiti Malaya,
Date of production, publication, distribution, manufacture, or copyright notice [2022?]
Date of production, publication, distribution, manufacture, or copyright notice ©2022
300 ## - PHYSICAL DESCRIPTION
Extent xix, 180 pages :
Other physical details illustrations ;
Dimensions 23 cm
336 ## - CONTENT TYPE
Source rdacontent
Content type term text
337 ## - MEDIA TYPE
Source rdamedia
Media type term unmediated
338 ## - CARRIER TYPE
Source rdacarrier
Carrier type term volume
500 ## - GENERAL NOTE
General note Includes index
504 ## - BIBLIOGRAPHY, ETC. NOTE
Bibliography, etc. note Bibliography: pages [167]-175
650 10 - SUBJECT ADDED ENTRY--TOPICAL TERM
Topical term or geographic name entry element Counseling
Topical term or geographic name entry element Psychotherapy
Topical term or geographic name entry element Counselors
Topical term or geographic name entry element Government publications
Geographic subdivision Malaysia
700 0# - ADDED ENTRY--PERSONAL NAME
Personal name Rafidah Aga Mohd Jaladin,
Relator term author.
942 ## - ADDED ENTRY ELEMENTS (KOHA)
Source of classification or shelving scheme Dewey Decimal Classification
Koha item type Book
Holdings
Withdrawn Not for loan Current library Shelving location Date acquired Total Checkouts Full call number Barcode Date last seen Date last checked out Koha item type Total Renewals
    Perpustakaan Alor Setar Pinjaman Dewasa 04/07/2022 1 158.3 AIN A01734401 08/01/2023 15/12/2022 Book  
    Perpustakaan Awam Sungai Petani Pinjaman Dewasa 04/07/2022 1 158.3 AIN A01734402 10/07/2023 29/05/2023 Book 1
    Perpustakaan Kulim Pinjaman Dewasa 04/07/2022 3 158.3 AIN A01734404 10/09/2024 20/08/2024 Book 2
    Perpustakaan Langkawi Pinjaman Dewasa 04/07/2022   158.3 AIN A01734403 04/07/2022   Book